Library Logo

Pioneer International University Library Catalogue

CHEMISTRY: (Record no. 9955)

MARC details
000 -LEADER
fixed length control field 00594nam a22001817a 4500
003 - CONTROL NUMBER IDENTIFIER
control field OSt
005 - DATE AND TIME OF LATEST TRANSACTION
control field 20260211102552.0
008 - FIXED-LENGTH DATA ELEMENTS--GENERAL INFORMATION
fixed length control field 260211b |||||||| |||| 00| 0 eng d
015 ## - NATIONAL BIBLIOGRAPHY NUMBER
National bibliography number 0078258707
020 ## - INTERNATIONAL STANDARD BOOK NUMBER
International Standard Book Number 0078258707
040 ## - CATALOGING SOURCE
Transcribing agency Glencoe McGraw-Hill
050 ## - LIBRARY OF CONGRESS CALL NUMBER
Classification number QD 31.3 .P45 2002
Item number .P45 2002
245 ## - TITLE STATEMENT
Title CHEMISTRY:
Remainder of title CONCEPTS AND APPICATIONS/
Statement of responsibility, etc. Wistrom, Philips Strozak
250 ## - EDITION STATEMENT
Edition statement 1st edition
260 ## - PUBLICATION, DISTRIBUTION, ETC.
Place of publication, distribution, etc. NewYork:
Name of publisher, distributor, etc. Glencoe/McGraw-Hill ,
Date of publication, distribution, etc. 2002
300 ## - PHYSICAL DESCRIPTION
Extent xxii,889 pages,
Other physical details hardcover,ill.: col, includes bibliograhic references and index.;
Dimensions 28.3 cm
942 ## - ADDED ENTRY ELEMENTS (KOHA)
Source of classification or shelving scheme Library of Congress Classification
Koha item type Books
Edition 1st ed.
Suppress in OPAC No
Holdings
Withdrawn status Lost status Source of classification or shelving scheme Damaged status Not for loan Home library Current library Date acquired Total checkouts Full call number Barcode Date last seen Price effective from Koha item type
    Library of Congress Classification     PIU Library Main Library 02/11/2026   QD 31.3 .P45 2002 PIUDL945 02/11/2026 02/11/2026 Books